000 00440nam a2200193Ia 4500
005 20240823051155.0
008 240823s9999||||xx |||||||||||||| ||und||
020 _a978-81-264-2864-9
041 _aMALAYALAM
082 _A891.443 P0
100 _aAshraf C
245 0 _aBharathapradharshanasala
250 _a1st
260 _c2010
_b"D C Books,Kot"
500 _aYES
650 _aNovel
_bEnglish
942 _cBK
999 _c218962
_d218962